00523nam a2200109Ia 4500008004100000050002400041100003100065245019900096260008600295300002000381521001200401140724s9999 xx 000 0 und d aLB 3051b.Es74 2010 aEscalante, Maria Feminina. aEnglish proficiency examination result as a predictor in the success of Mock Board Examination among nursing students of Southville International School and Colleges /cMaria Feminina Escalante. aLas Piñas, Philippines :bSouthville International School and Colleges,cc2010. a40 p. :c28 cm. aNursing